LEADER 02373nam 2200445 n 450 001 996389886403316 005 20200818224419.0 035 $a(CKB)4940000000101761 035 $a(EEBO)2248558162 035 $a(UnM)99839397e 035 $a(UnM)99839397 035 $a(EXLCZ)994940000000101761 100 $a19901212d1634 uy | 101 0 $aeng 135 $aurbn||||a|bb| 200 10$aArithmeticall questions$b[electronic resource] $etouching the buying or exchange of annuities; taking of leases for fines, or yearly rent; purchase of fee-simples; dealing for present or future possessions; and other bargains and accounts, wherein allowance for disbursing or forbearance of mony is intended: briefly resolved, by meanes of certain breviats. Calculated by R.W. of London, practitioner in the art of numbers. To which are added sundry sorts of breviats after the rate of 8 per cent. per ann. By Thomas Fisher 210 $aLondon $cPrinted by Tho. Harper, and are to be sold by Iohn Parker, at his shop in Pauls Churchyard at the signe of the Holy Lamb$d1634 215 $a[14], 222, [58], 52, [2] p. $ctables 300 $aR.W. = Richard Witt. 300 $aIn three parts. 300 $aPart 2 has a separate title page, reading: "Briefe solutions of questions of intrest .. by Thomas Fisher", and separate register; Part 3 has a separate title page, reading: "A table of right proportionall intrest, direct, and top rebate for any summe under 1000 l. .. By Thomas Fisher", with separate pagination and register. 300 $aParts 2 and 3 are formerly STC 10918. 300 $aParts 2 and 3 identified as STC 10918 on UMI microfilm reel 835. 300 $aReproductions of the originals in the British Library (reel 835) and the Bodleian Library (reel 1264). 300 $aAppears at reel 835 (British Library copy) and at reel 1264 (Bodleian Library copy). 330 $aeebo-0216 606 $aInterest rates$vEarly works to 1800 615 0$aInterest rates 700 $aR. W$g(Richard Witt)$01001919 701 $aFisher$b Thomas$cof Lothbury.$01003457 701 $aFisher$b Thomas$cactuary.$01003458 801 0$bCu-RivES 801 1$bCu-RivES 801 2$bUk-ES 801 2$bCStRLIN 801 2$bWaOLN 906 $aBOOK 912 $a996389886403316 996 $aArithmeticall questions$92303887 997 $aUNISA LEADER 01546nam 2200397I 450 001 9910704653003321 005 20130626095426.0 035 $a(CKB)5470000002443185 035 $a(OCoLC)850907597 035 $a(EXLCZ)995470000002443185 100 $a20130626d2013 ua 0 101 0 $aeng 135 $aurcn||||||||| 181 $ctxt$2rdacontent 182 $cc$2rdamedia 183 $acr$2rdacarrier 200 10$aChange in the length of the northern section of the Chandeleur Islands oil berm, September 5, 2010, through September 3, 2012 /$fby N.G. Plant and K.K. Guy 210 1$aReston, Virginia :$cU.S. Department of the Interior, U.S. Geological Survey,$d2013. 215 $a1 online resource (iii, 9 pages) $ccolor illustrations 225 1 $aOpen-file report ;$v2013-1074 300 $aTitle from title screen (viewed on June 26, 2013). 606 $aOil spills$xCleanup$zLouisiana$zChandeleur Islands 606 $aOil spills$xManagement 606 $aBP Deepwater Horizon Explosion and Oil Spill, 2010 615 0$aOil spills$xCleanup 615 0$aOil spills$xManagement. 615 0$aBP Deepwater Horizon Explosion and Oil Spill, 2010. 700 $aPlant$b Nathaniel G.$01391236 702 $aGuy$b K. K. 712 02$aGeological Survey (U.S.), 801 0$bGPO 801 1$bGPO 906 $aBOOK 912 $a9910704653003321 996 $aChange in the length of the northern section of the Chandeleur Islands oil berm, September 5, 2010, through September 3, 2012$93507536 997 $aUNINA